000 00499pab a2200169 454500
008 180718b2013 xxu||||| |||| 00| 0 eng d
100 _aHarilal, K.N.
245 _aConfronting bureaucratic capture: Rethinking participatory planning methodology in Kerala
260 _c2013
300 _ap.52-60.
362 _aSep
650 _aParticipating development - India - Kerala
650 _aParticipatory development
773 _aEconomic and Political Weekly
908 _aN
909 _a103314
999 _c103310
_d103310